Monológy a dialógy

Bibliographic Details
Main Author: Hrušovský, Igor, 1907-1978 (Author)
Other Authors: Šíma, Rudolf, 1930-2010 (Author of afterword, colophon, etc.)
Format: Book
Language:Slovak
PhysicalDescription:160 s. fotogr. 17 cm
Published: Bratislava Slovenský spisovateľ 1980
Edition:1. vyd.
Series:Rozpravy
Subjects:

MARC

LEADER 00000nam a2200000 a 4500
001 vtls001101050
003 SK-MaSNL
005 20260426013546.0
008 251029s1980 xo 000 0 slo
015 |a SNBA1981 
035 |a SNK000043892 
035 |a urn:nbn:sk:snk-amyg0y 
035 |a urn:nbn:sk:snk-am00cltq 
035 |a F1BEC272-CCDE-431F-A198-50E8B784CC88 
040 |a SNK  |b slo  |c SNK  |e AACR2 
041 0 |a slo 
044 |a xo  |c SK 
080 |a 885.4-4  |2 1981 
080 |a 885.4-5  |2 1981 
080 |a 141  |2 1981 
100 1 |a Hrušovský, Igor,  |d 1907-1978  |4 aut  |9 38412 
245 1 0 |a Monológy a dialógy  |c Igor Hrušovský ; [doslov Rudolf Šíma ; prebal a väzbu navrhol Zoltán Salamon] 
250 |a 1. vyd. 
260 |a Bratislava  |b Slovenský spisovateľ  |c 1980 
300 |a 160 s.  |b fotogr.  |c 17 cm 
366 |e 2000 výt. 
490 0 |a Rozpravy  |v zv. 4. 
500 |a Fot. na front. 
650 0 7 |a filozofia  |2 SNKPH  |9 793 
650 0 7 |a literatúra  |2 SNKPH  |9 1427 
650 0 7 |a politika  |2 SNKPH  |9 968 
650 0 7 |a filozofia dejín  |2 SNKPH  |9 4205 
650 0 7 |a filozofia kultúry  |2 SNKPH  |9 898 
655 7 |a filozofické eseje  |2 SNKPH  |9 721067 
655 7 |a literárne memoáre  |2 SNK  |9 276747 
700 1 |a Šíma, Rudolf,  |d 1930-2010  |4 aft  |9 218901 
830 0 |a Rozpravy  |9 317722 
852 |a Slovenská národná knižnica 
958 |a OND 
999 |c 1126913  |d 1128843 
952 |t P60, <04>, [BOOK], {604}  |a SNK  |b SNK  |y VYP  |7 0  |p 17A0151823  |o snkSD 51022 D1  |i snkKSP 2345/81  |0 0  |1 0  |4 0  |d 1998-07-21  |l 0  |r 2004-12-31 00:00:00  |w 2026-02-24 
952 |a SNK  |b SNK  |y PREZ  |7 0  |p 17A0946611  |o snkSD 51022  |i snkKSP 2344/81  |0 0  |1 0  |4 0  |d 2013-08-16  |f 1  |l 0  |r 2026-02-24 18:49:38  |w 2026-02-24 
952 |a SNKLM  |b SNKLM  |y NEVYP  |7 0  |o snklmMK 2402  |i snklm98/81  |8 3  |0 0  |1 0  |4 0  |d 2005-11-16  |l 0  |r 2026-02-24 18:49:38  |w 2026-02-24